1 Jugador historico por pais - Estadísticas

Estadísticas generales
  • Esta prueba ha sido intentada 135 veces
  • La puntuación promedio es 32 de 43
Estadísticas de respuestas
Pais Jugadores % Correcto
Argentina Messi | Maradona | Kempes | Pasarella | Zanetti | Aguero | Riquelme | Veron | DI Stefano | Di Maria | Sivori | Moreno
99%
Brasil Pele | Garrincha | Ronaldo | Romario | Rivaldo | Kaka | Zico | Rivellino | Didi | Jairzinho | Cafu | Roberto Carlos | Carlos Alberto | Djalma Santos | Neymar | Dunga | Dida | Taffarel | Ze Roberto | Alves | Marcelo
97%
Alemania Beckenbauer | Gerd Muller | Matthaus | Rummenigge | Neuer | Netzer | Lahm | Walter | Kroos | Ter Stegen | Ballack | Thomas Muller
96%
España Suarez | Iniesta | Xavi | Raul | Busquets | Torres | Ramos | Casillas | Pique | Puyol | Zarra | Zubizarreta | Alonso | Villa | Gento
96%
Francia Zidane | Henry | Fontaine | Platini | Mbappe | Griezmann | Kopa | Ginola | Cantona | Thuram | Blanc | Vieira | Petit | Desailly
96%
Portugal Ronaldo | Eusebio | Figo | Deco | Baia | Pepe | Rui Costa
93%
Inglaterra Charlton | Greaves | Dean | Keegan | Rooney | Moore | Ferdinand | Scholes | Lineker | Owen | Shearer | Gerrard | Lampard | Kane | Banks | Matthews | Gascoigne | Beckham
91%
Belgium Eden Hazard | Thibaut Courtois | Preud´Homme | Kevin De Bruyne | Jan Vertonghen | Toby Alderweireld | Vincent Kompany
91%
Croatia Luka Modric | Ivan Perisic | Ivan Rakitic | Davor Suker | Mario Mandzukic
91%
Gales Gareth Bale | Ian Rush | John Charles
90%
Uruguay Luis Suarez | Edinson Cavani | Diego Forlan | Diego Godin | Jose Andrade | Muslera | Enzo Francescoli
89%
Italia Maldini | Meazza | Baresi | Baggio | Del Piero | Buffon | Mazzola | Rossi | Rivera | Cannavaro | Nesta | Chiellini | Bonucci | Vieri | Inzaghi | Fachetti | Scirea | Zoff | Pirlo | Zambrotta
89%
Egipto Mohamed Salah
88%
Colombia Radamel Falcao | James Rodriguez | Carlos Valderrama | Rene Higuita | Ivan Cordoba
88%
Chile Alexis Sanchez | Arturo Vidal | Claudio Bravo | Elias FIgueroa
87%
Paises Bajos Cruyff | Van Basten | Gullit | Van Nistelrooy | Van Persie | Koeman | Rijkaard | Bergkamp | Robben | Van Der Sar | Davids
87%
Costa de Marfil Yaya Toure | Didier Drogba | Gervinho
87%
Noruega John Arne Riise | Ole Gunnar Solskjaer | Erling Haaland | Martin Odegaard
86%
Mexico Hugo Sanchez | Javier Hernandez | Rafael Marquez | Blanco | Hector Herrera | Andres Guardado | Jared Borgetti | Luis Garcia
82%
Camerún Samuel Etoo | Roger Milla | Thomas NKono
81%
Suecia Zlatan Ibrahimovic | Gunnar Nordahl | Henrik Larsson | Fredrik Ljungberg
79%
Dinamarca Michael Laudrup | Allan Simonsen | Peter Schmeichel | Christian Eriksen
78%
Corea del Sur Park Ji-Sung | Heung-Min Son
77%
Hungria Ferenc Puskas | Sandor Kocsis | Laszlo Kubala
74%
Gabon Pierre-Emerick Aubameyang
69%
Liberia George Weah
67%
Austria Matthias Sindelar | Josef Bican | David Alaba
67%
Republica Checa Petr Cech | Pavel Nedved | Josef Masopust | Tomas Rosicky
66%
Argelia Riyad Mahrez | Rabah Madjer | Lakhdar Belloumi
65%
Senegal Sadio Mane | El Hadji Diouf | Kalidou Koulibaly
65%
Irlanda del Norte George Best
63%
Escocia Kenny Dalglish | Dennis Law | Jimmy Johnstone | Alan Hansen | Andrew Robertson
62%
Rumania Gheorghe Hagi
61%
Peru Teofilo Cubillas | Paolo Guerrero | Claudio Pizarro | Jefferson Farfan | Roberto Palacios
61%
Turquia Arda Turan | Hakan Sukur | Hakan Calhanoglu | Tugay Kerimoglu
60%
Japon Hidetoshi Nakata | Shinji Kagawa | Keisuke Honda
60%
Estados Unidos Landon Donovan | Clint Dempsey | Tim Howard | Claudio Reyna
60%
Irlanda Roy Keane | Robbie Keane | Coleman | McGrath
59%
Bulgaria Hristo Stoichkov
54%
Finlandia Jari Litmanen | Teemu Pukki
52%
Nigeria Jay-Jay Okocha | John Obi Mikel | Nwankwo Kanu
52%
Australia Harry Kewell | Tim Cahill | Mark Schwarzer
43%
Paraguay Jose Luis Chilavert | Roque Santa Cruz | Salvador Cabañas
39%
No se encontraron pruebas coincidentes
Distribución de puntuación
Porcentaje de gente con cada puntuación
Porcentaje por número respondido
Historial de tus puntuaciones
No has intentado esta prueba.